| 000 | 00480nam a22001697a 4500 | ||
|---|---|---|---|
| 003 | NUST - PNEC | ||
| 005 | 20170116180918.0 | ||
| 008 | 150904b xxu||||| |||| 00| 0 eng d | ||
| 020 | _a81025600175 | ||
| 040 | _cLIBRARY | ||
| 082 | _a621.3004 RAJ | ||
| 100 |
_97582 _aRajput, R.K. |
||
| 245 |
_aElectrical engineering:with several thousand objective tive questions & answers _cR.k. Rajput |
||
| 260 | _cc.1997 | ||
| 650 |
_97589 _aElectrical engineering _xEE |
||
| 942 |
_2ddc _cBK |
||
| 999 |
_c65532 _d65532 |
||